000
00310nam a2200109Ia 4500
008
180219s9999 xx 000 0 und d
020
_a
9789718551837
100
_a
Botong, Francisco
245
_a
Botong francisco :
_b
a nation imagined /
260
_a
Makati City :
_b
Ayala foundation
_c
2012
300
_a
116 pages
999
_c
355996
_d
355996